El rol de querellante en los delitos penales tributarios. Objetivos implícitos (Registro nro. 22568)

Detalles MARC
000 -LEADER
fixed length control field 00378 a2200109 4500
001 - CONTROL NUMBER
control field ART_61720
005 - DATE AND TIME OF LATEST TRANSACTION
control field 20260410161823.0
008 - FIXED-LENGTH DATA ELEMENTS--GENERAL INFORMATION
fixed length control field 260409a
100 1# - MAIN ENTRY--PERSONAL NAME
Personal name Pampliega, Alejandro
245 10 - TITLE STATEMENT
Title El rol de querellante en los delitos penales tributarios. Objetivos implícitos
773 0# - HOST ITEM ENTRY
Title Doctrina Penal Tributaria y Económica
Related parts - Nº 74 (dic. 2024)
Record control number REV4317

No hay ítems disponibles.